| 000 | 01096nam a2200205Ia 4500 | ||
|---|---|---|---|
| 003 | Ost | ||
| 005 | 20260507075021.0 | ||
| 008 | 260507s9999||||xx |||||||||||||| ||und|| | ||
| 040 | _cfsecg | ||
| 041 | _aara | ||
| 082 | _a347.09 | ||
| 100 |
_aالحداد، حفيظة السيد _eمؤلف |
||
| 245 | 0 |
_aالإتفاق على التحكيم في عقود الدولة ذات الطبيعة الادارية وأثرها على القانون الواجب التطبيق / _c حفيظة السيد الحداد |
|
| 260 |
_aالاسكندرية: _bدارالمطبوعات الجامعية, _c2001 |
||
| 300 |
_a144 صفحة؛ _bإيضاحات ؛ _c24 سم |
||
| 520 | _aحتمية اللجوء إلى التحكيم بشأن عقود الدولة وأسبابه- التحكيم في العقود الدولية الإدارية- أثر الاتفاق على التحكيم على القانون الواجب التطبيق على العقود الدولية ذات الصبغة الإدارية | ||
| 653 | _aالعقود الادارية | ||
| 653 | _aالقانون | ||
| 942 | _cكتاب | ||
| 999 |
_c42274 _d42274 |
||